Language loyalty, language planning, and language revitalization : recent writings and reflections from Joshua A. Fishman
Αποθηκεύτηκε σε:
| Άλλοι συγγραφείς: | , |
|---|---|
| Μορφή: | Βιβλίο |
| Γλώσσα: | Greek |
| Δημοσίευση: |
Clevedon :
Multilingual Matters,
2006
|
| Σειρά: | Bilingual education and bilingualism
|
| Θέματα: | |
| Ετικέτες: |
Προσθήκη ετικέτας
Δεν υπάρχουν, Καταχωρήστε ετικέτα πρώτοι!
|
MARC
| LEADER | 00000nam a2200000 i 4500 | ||
|---|---|---|---|
| 001 | 1/49298 | ||
| 008 | 070726s2006 gre d | ||
| 020 | |a 1-85359-901-8 | ||
| 035 | |l 10089148 | ||
| 040 | |a GR-MY-UA |b gre |e aacr | ||
| 041 | 0 | |a gre | |
| 082 | 0 | |a 306.44 |2 (22) | |
| 245 | 1 | 0 | |a Language loyalty, language planning, and language revitalization : |b recent writings and reflections from Joshua A. Fishman / |c edited by Nancy H. Hornberger and Martin Ptz |
| 260 | |a Clevedon : |b Multilingual Matters, |c 2006 | ||
| 300 | |a xiii, 259 σ.; |c 24 εκ. | ||
| 490 | 1 | |a Bilingual education and bilingualism | |
| 504 | |a Περιλαμβάνει βιβλιογραφίες και ευρετήριο | ||
| 650 | 0 | 0 | |a Language planning. |
| 650 | 0 | 0 | |a Language revival. |
| 650 | 0 | 0 | |a Sociolinguistics. |
| 700 | 1 | |a Hornberger, Nancy H. |4 edt | |
| 700 | 1 | |a Putz, Martin |d 1955- |4 edt | |
| 830 | 0 | |a Bilingual education and bilingualism | |
| 852 | |a INST |b RHODES |e 20070726 |h 306.44 FIS |p 005400026177 |q 005400026177 |t BK |y 0 | ||
| 901 | |a BIBL4-2007-2 | ||
| 909 | |a Ρ |b 135534 | ||
| 922 | |a 4ΕΛΗ |b 200706 |c ΕΠΕΑΕΚ2/ΠΤΔΕ |d Σ. ΠΑΤΑΚΗΣ | ||
| 970 | |a ΜΙΣΣΟΣ |b ΣΤΑΥΡΟΣ |z 2007/07/26 | ||